[Event "Zudov Memorial 10th"]
[Site "Nizhnij Tagil"]
[Date "2014.09.19"]
[Round "9"]
[White "Dashevskaya, Larisa"]
[Black "Komarov, Alexander"]
[Result "1/2-1/2"]
[WhiteElo "2030"]
[BlackElo "2106"]
[PlyCount "82"]
[EventDate "2014.09.11"]
[EventType "swiss"]
[EventRounds "9"]
[EventCountry "RUS"]
[SourceTitle "CBM 162 Extra"]
[Source "ChessBase"]
[SourceDate "2014.10.17"]
[SourceVersion "1"]
[SourceVersionDate "2014.10.17"]
[SourceQuality "1"]

1. d4 Nf6 2. Nf3 d5 3. e3 Bf5 4. Be2 e6 5. 0-0 Bd6 6. b3 Nbd7 7. Bb2 c6 8. Ne5 Qc7 9. f4 Ne4 10. Nd2 f6 11. Nd3 0-0 12. c4 b6 13. Nxe4 Bxe4 14. Bg4 Rae8 15. h4 e5 16. fxe5 fxe5 17. Rxf8+ Rxf8 18. Bxd7 Qxd7 19. Nxe5 Qf5 20. Qe2 dxc4 21. Qxc4+ Bd5 22. Qe2 Qe4 23. h5 Rf5 24. Rf1 Rxh5 25. Rf4 Qb1+ 26. Rf1 Qe4 27. Rf4 Qb1+ 28. Rf1 Qe4 29. Rf4 Qb1+ 30. Rf1 Qe4 31. Rf4 Qb1+ 32. Rf1 Qe4 33. Rf4 Qb1+ 34. Rf1 Qe4 35. Rf4 Qb1+ 36. Rf1 Qe4 37. Rf4 Qb1+ 38. Rf1 Qe4 39. Rf4 Qb1+ 40. Rf1 Qe4 41. Rf4 Qb1+ 1/2-1/2

[Event "Gornozavodsk-ch 8th okrug op"]
[Site "Nizhnij Tagil"]
[Date "2007.07.30"]
[Round "6"]
[White "Dashevskaya, Larisa"]
[Black "Marchenko, Andrey"]
[Result "1-0"]
[WhiteElo "2060"]
[BlackElo "1878"]
[PlyCount "52"]
[EventDate "2007.07.24"]
[EventType "swiss"]
[EventRounds "9"]
[EventCountry "RUS"]
[SourceTitle "EXT 2022"]
[Source "ChessBase"]
[SourceDate "2021.10.06"]
[SourceVersion "1"]
[SourceVersionDate "2021.10.06"]
[SourceQuality "1"]

1. d4 Nf6 2. Nf3 e6 3. e3 b6 4. Bd3 Bb7 5. 0-0 Be7 6. b3 0-0 7. Bb2 d5 8. Nbd2 Nbd7 9. Qe2 c5 10. Rfd1 Rc8 11. c4 Bd6 12. Ne5 Qc7 13. f4 Ne4 14. Bxe4 dxe4 15. Rac1 f6 16. Ng4 cxd4 17. Bxd4 Bc5 18. g3 Ba3 19. Rc2 Nc5 20. Nb1 Bb4 21. a3 Nd3 22. axb4 e5 23. Bc3 g5 24. Nh6+ Kh8 25. fxg5 fxg5 26. Rf1 Qd6 1-0

[Event "Gornozavodsk-ch 8th okrug op"]
[Site "Nizhnij Tagil"]
[Date "2007.07.26"]
[Round "3"]
[White "Dashevskaya, Larisa"]
[Black "Vahrushev, Vladimir"]
[Result "0-1"]
[WhiteElo "2060"]
[BlackElo "2305"]
[PlyCount "84"]
[EventDate "2007.07.24"]
[EventType "swiss"]
[EventRounds "9"]
[EventCountry "RUS"]
[SourceTitle "EXT 2022"]
[Source "ChessBase"]
[SourceDate "2021.10.06"]
[SourceVersion "1"]
[SourceVersionDate "2021.10.06"]
[SourceQuality "1"]

1. d4 Nf6 2. Nf3 g6 3. e3 Bg7 4. Be2 c5 5. 0-0 0-0 6. b3 cxd4 7. exd4 d5 8. Re1 Nc6 9. Bb2 Bf5 10. a3 Rc8 11. Nbd2 Qb6 12. Nf1 Na5 13. Ne3 Bxc2 14. Nxc2 Qxb3 15. Bd3 Qxb2 16. Rxe7 Rfe8 17. Rxe8+ Rxe8 18. Ne5 b6 19. Rb1 Qc3 20. Bb5 Rc8 21. Ba4 Bh6 22. g3 Ne4 23. Ng4 Bg7 24. Nge3 Rd8 25. Rb5 Nf6 26. Kg2 Nc4 27. Rb3 Qa5 28. Bc6 Bh6 29. Rb5 Nxe3+ 30. fxe3 Qc3 31. Nb4 Bf8 32. Qf3 Bxb4 33. Qxf6 Rd6 34. Qe5 Rxc6 35. Rxb4 Re6 36. Qg5 Qc2+ 37. Kh3 Qc3 38. Qd8+ Kg7 39. Qxd5 Qxe3 40. Qa2 Qf3 41. Rb2 Re4 42. Rb5 f5 0-1

[Event "Gornozavodsk-ch 8th okrug op"]
[Site "Nizhnij Tagil"]
[Date "2007.07.25"]
[Round "2"]
[White "Dashevskaya, Larisa"]
[Black "Bogomolov, Alexey"]
[Result "1/2-1/2"]
[WhiteElo "2060"]
[BlackElo "2255"]
[PlyCount "89"]
[EventDate "2007.07.24"]
[EventType "swiss"]
[EventRounds "9"]
[EventCountry "RUS"]
[SourceTitle "EXT 2022"]
[Source "ChessBase"]
[SourceDate "2021.10.06"]
[SourceVersion "1"]
[SourceVersionDate "2021.10.06"]
[SourceQuality "1"]

1. d4 Nf6 2. Nf3 c5 3. e3 b6 4. Bd3 e6 5. 0-0 Bb7 6. Nbd2 Be7 7. b3 0-0 8. Bb2 cxd4 9. Nxd4 Nc6 10. a3 d6 11. c4 Ne5 12. Be2 Rc8 13. N2f3 Ng6 14. Rc1 Ne4 15. Nd2 Nxd2 16. Qxd2 Nh4 17. Nf3 Nxf3+ 18. Bxf3 Bxf3 19. gxf3 Rc5 20. f4 Bf6 21. f3 d5 22. Rfd1 dxc4 23. Qxd8 Rxd8 24. Rxd8+ Bxd8 25. Rxc4 Rxc4 26. bxc4 Be7 27. a4 Kf8 28. Kf2 g6 29. Ke2 Bb4 30. Kd3 Ke7 31. e4 Kd6 32. Bg7 Kc6 33. Be5 Bd6 34. Kd4 a5 35. h3 f5 36. Bxd6 Kxd6 37. h4 h6 38. Kd3 e5 39. exf5 gxf5 40. h5 exf4 41. Kd4 Kc6 42. Kd3 Kd7 43. Kd4 Kd6 44. Kd3 Ke5 45. Kc3 1/2-1/2